01180nam a22002177a 4500003000400000020001800004082001800022100002400040245003800064250001900102260003600121300000800157650001800165942001700183952014900200952014600349952014600495952015800641952014600799999001700945SGT a9788131244500 a617.645bC17N aNEWMAN, Dwarakanath aCarranza's Clinical Periodontolog a2ND SOUTH ASIA aNEW DELHIbElsevier Indiac2017 a761 aPeriodontolog 2ddccBK0169 00102ddc4070aFDbFDcTXTd2018-06-16eABCg2445.00iSGTUl70m1o617.645 C17NpFD7886r2026-01-20 00:00:00s2026-01-16w2018-05-15yBKk9730 00102ddc4070aFDbFDcTXTd2018-06-16eABCg2445.00iSGTUl72o617.645 C17NpFD7887r2026-01-16 00:00:00s2026-01-16w2018-05-15yBKk9730 00102ddc4070aFDbFDcTXTd2018-06-16eABCg2445.00iSGTUl67o617.645 C17NpFD7888r2025-08-29 00:00:00s2025-08-29w2018-05-15yBKk9730 00102ddc4070aFDbFDcTXTd2018-06-16eABCg2445.00iSGTUl53o617.645 C17NpFD7889q2026-05-16r2026-05-02 00:00:00s2026-05-02w2018-05-15yBKk9730 00102ddc4070aFDbFDcTXTd2018-06-16eABCg2445.00iSGTUl28o617.645 C17NpFD7890r2025-09-12 00:00:00s2025-09-12w2018-05-15yBKk9730 c15607d15607